El Nuevo Modelo de Seguridad para Mx̌ico

Detalles Bibliográficos
Autor principal: Garca̕ Luna, Genaro
Formato: eBook
Lenguaje:español
Publicado: Mx̌ico DF: Nostra Ediciones, 2012
Materias:
Acceso en línea:Acceso restringido

MARC

LEADER 00000nam a22000007a 4500
005 20170530221913.0
007 cr|||| ||||
008 170530s2012 mx |||||s|||| 00||0 spa d
020 |a 978-607-7603-76-4 
035 |a 20301 
040 |a vLex 
090 |c 6730  |d 6730 
100 1 |a Garca̕ Luna, Genaro 
245 1 2 |a El Nuevo Modelo de Seguridad para Mx̌ico  |h [Recurso electrn̤ico] /  |c Genaro Garca̕ Luna 
256 |a Servicio en ln̕ea 
260 |a Mx̌ico DF:  |b Nostra Ediciones,  |c 2012 
300 |a 1 recurso electrn̤ico 
500 |a En las l︢timas dčadas, la realidad nacional en materia de seguridad pb︢lica ha estado marcada por el creciente potencial destructivo de la delincuencia y la debilidad estructural de las corporaciones polica̕cas que deben hacerle frente. En esta obra el autor seąla cul̀es son los principales factores que han hecho de este reto un asunto de prioridad nacional, as ̕como las consideraciones y la visin̤ de Estado que han motivado el diseǫ de un Nuevo Modelo de Seguridad para Mx̌ico. 
506 1 |a Disponible solo en los productos indicados  |d vLex Global  |d vLex Global (Academic Edition, excluding Law Schools)  |d vLex Global (U.S. Academic Edition, Law Schools)  |d vLex Global (U.S. Academic Edition, excluding Law Schools)  |d vLex Global (Academic Edition, Law Schools) 
650 0 4 |a Derecho Civil  |z Mx̌ico 
740 0 |a vLex Libros (Servicio en ln̕ea) 
856 4 0 |u http://vlex.com/source/nuevo-modelo-de-seguridad-para-mexico-20301  |z Acceso restringido 
942 |c BOOK 
999 0 |a Civil law